[Event "AUT-chT2O 0809"]
[Site "Austria"]
[Date "2009.02.28"]
[Round "8.1"]
[White "Varga, Zoltan"]
[Black "Beim, Valery"]
[Result "1/2-1/2"]
[WhiteElo "2494"]
[BlackElo "2506"]
[PlyCount "22"]
[EventDate "2008.10.03"]
[EventType "team-tourn"]
[EventRounds "11"]
[EventCountry "AUT"]
[SourceTitle "EXT 2010"]
[Source "ChessBase"]
[SourceDate "2010.11.25"]
[SourceVersion "1"]
[SourceVersionDate "2010.11.25"]
[SourceQuality "1"]
[WhiteTeam "Lackenbach"]
[BlackTeam "Tschaturanga"]
[WhiteTeamCountry "AUT"]
[BlackTeamCountry "AUT"]

1. e4 d5 2. exd5 Nf6 3. Nf3 Nxd5 4. d4 Bf5 5. Bg5 h6 6. Bh4 c6 7. c3 Nd7 8. Qb3 N5b6 9. Be2 g5 10. Bg3 Bg7 11. 0-0 0-0 1/2-1/2

[Event "Odessa Pivdenny Bank 4th"]
[Site "Odessa"]
[Date "2008.06.01"]
[Round "14"]
[White "Beim, Valery"]
[Black "Golubev, Mikhail"]
[Result "1-0"]
[WhiteElo "2523"]
[BlackElo "2474"]
[PlyCount "65"]
[EventDate "2008.05.30"]
[EventType "tourn (rapid)"]
[EventRounds "14"]
[EventCountry "UKR"]
[EventCategory "15"]
[SourceTitle "CBM 124 Extra"]
[Source "ChessBase"]
[SourceDate "2008.07.03"]
[SourceVersion "1"]
[SourceVersionDate "2008.07.03"]
[SourceQuality "1"]

1. g3 g6 2. Bg2 Bg7 3. d4 Nf6 4. e4 d6 5. Nc3 0-0 6. Nf3 Nbd7 7. 0-0 e5 8. h3 Re8 9. Re1 b6 10. d5 Bb7 11. a4 a5 12. Bg5 h6 13. Be3 Rf8 14. Qd2 Kh7 15. Nh2 Ng8 16. f4 f5 17. exf5 gxf5 18. Nf3 Ngf6 19. Qd1 Ne4 20. Nxe4 fxe4 21. Nh2 exf4 22. Bxe4+ Kh8 23. Bxf4 Bxb2 24. Qh5 Qf6 25. Ng4 Qd4+ 26. Kh2 Rf6 27. Bxh6 Rf2+ 28. Nxf2 Qxf2+ 29. Bg2 Nf6 30. Qh4 Nh7 31. Re7 Qxc2 32. Rae1 Bxd5 33. R7e2 1-0

[Event "Odessa Pivdenny Bank 4th"]
[Site "Odessa"]
[Date "2008.06.01"]
[Round "12"]
[White "Beim, Valery"]
[Black "Tregubov, Pavel V"]
[Result "0-1"]
[WhiteElo "2523"]
[BlackElo "2629"]
[PlyCount "130"]
[EventDate "2008.05.30"]
[EventType "tourn (rapid)"]
[EventRounds "14"]
[EventCountry "UKR"]
[EventCategory "15"]
[SourceTitle "CBM 124 Extra"]
[Source "ChessBase"]
[SourceDate "2008.07.03"]
[SourceVersion "1"]
[SourceVersionDate "2008.07.03"]
[SourceQuality "1"]

1. Nf3 c5 2. c4 Nc6 3. Nc3 e5 4. e3 Nf6 5. Be2 d5 6. cxd5 Nxd5 7. d3 Be7 8. 0-0 0-0 9. a3 Be6 10. Qc2 Rc8 11. Ne4 b6 12. b3 f5 13. Ned2 Bf6 14. Rb1 Nd4 15. exd4 cxd4 16. Nc4 b5 17. Bd2 bxc4 18. bxc4 Nc3 19. Bxc3 dxc3 20. Rfe1 Re8 21. Bf1 Bd7 22. Qxc3 e4 23. Nd4 Bc6 24. Nxc6 Bxc3 25. Nxd8 Bxe1 26. Rxe1 Rcxd8 27. dxe4 Rxe4 28. Rc1 Red4 29. Be2 Kf8 30. Kf1 Rc8 31. Ke1 Rc5 32. Rc3 Ke7 33. Rb3 Re5 34. Kf1 Rd2 35. Bf3 Rc2 36. Rb7+ Kf6 37. g3 Re7 38. Rb4 Rc3 39. Kg2 Rxa3 40. c5 g5 41. h3 Rc7 42. c6 h5 43. g4 fxg4 44. hxg4 h4 45. Be4 Ra5 46. Rb8 Ra4 47. Bf3 Rf4 48. Rf8+ Ke7 49. Rg8 Kf6 50. Rf8+ Kg7 51. Rd8 Rcf7 52. Rd3 a5 53. Rc3 Rc7 54. Rc5 a4 55. Rxg5+ Kf6 56. Rh5 Ke6 57. Rxh4 a3 58. Rh6+ Ke7 59. Rh7+ Kd6 60. Rh6+ Kc5 61. Rh1 Ra4 62. Rc1+ Kd4 63. Rd1+ Kc3 64. Bd5 Rxg4+ 65. Kf3 Rd4 0-1

[Event "Odessa Pivdenny Bank 4th"]
[Site "Odessa"]
[Date "2008.06.01"]
[Round "11"]
[White "Gelfand, Boris"]
[Black "Beim, Valery"]
[Result "1-0"]
[WhiteElo "2723"]
[BlackElo "2523"]
[PlyCount "51"]
[EventDate "2008.05.30"]
[EventType "tourn (rapid)"]
[EventRounds "14"]
[EventCountry "UKR"]
[EventCategory "15"]
[SourceTitle "CBM 124 Extra"]
[Source "ChessBase"]
[SourceDate "2008.07.03"]
[SourceVersion "1"]
[SourceVersionDate "2008.07.03"]
[SourceQuality "1"]

1. e4 e5 2. Nf3 d6 3. d4 exd4 4. Nxd4 Nf6 5. Nc3 Be7 6. g3 0-0 7. Bg2 Bd7 8. h3 Nc6 9. Nde2 Re8 10. 0-0 Bf8 11. g4 Nb4 12. Ng3 Bc6 13. a3 Na6 14. b4 b5 15. a4 Nxb4 16. axb5 Bb7 17. g5 Nd7 18. Rb1 d5 19. Nxd5 Nxd5 20. exd5 Nb6 21. Qg4 Qc8 22. Qd4 Bd6 23. c4 Nd7 24. Ne4 Be5 25. Qd3 a6 26. c5 1-0

[Event "Odessa Pivdenny Bank 4th"]
[Site "Odessa"]
[Date "2008.05.31"]
[Round "6"]
[White "Beim, Valery"]
[Black "Karpov, Anatoly"]
[Result "0-1"]
[WhiteElo "2523"]
[BlackElo "2655"]
[PlyCount "116"]
[EventDate "2008.05.30"]
[EventType "tourn (rapid)"]
[EventRounds "14"]
[EventCountry "UKR"]
[EventCategory "15"]
[SourceTitle "CBM 124 Extra"]
[Source "ChessBase"]
[SourceDate "2008.07.03"]
[SourceVersion "1"]
[SourceVersionDate "2008.07.03"]
[SourceQuality "1"]

1. d4 Nf6 2. Bg5 d5 3. e3 c6 4. Bd3 Bg4 5. Ne2 Nbd7 6. c3 e5 7. Nd2 Be7 8. f3 Bh5 9. Ng3 Bg6 10. Nf5 Bxf5 11. Bxf5 0-0 12. 0-0 Re8 13. Qc2 g6 14. Bh3 Nh5 15. Bh6 Bf8 16. Bxd7 Qxd7 17. Bxf8 Kxf8 18. Rae1 Kg7 19. Qd1 Rad8 20. f4 exf4 21. exf4 Rxe1 22. Qxe1 Re8 23. Qf2 Qg4 24. h3 Qg3 25. f5 Qxf2+ 26. Rxf2 Ng3 27. fxg6 hxg6 28. Kh2 Ne4 29. Re2 f5 30. Nf3 Re7 31. g3 Kf6 32. Kg2 a5 33. a4 g5 34. Ne5 c5 35. Nf3 b6 36. Re1 Nd6 37. Rxe7 Kxe7 38. Nxg5 Nc4 39. dxc5 bxc5 40. b3 Nd2 41. h4 Kf6 42. Nf3 Nxb3 43. Kf2 c4 44. Ke3 Nc5 45. Kd4 Nxa4 46. h5 Nb2 47. Kxd5 a4 48. Nd4 a3 49. Nc2 a2 50. Na1 Kg5 51. Ke5 Nd3+ 52. Kd4 Nb2 53. Ke5 Nd1 54. Kd4 Kxh5 55. Kxc4 Kg4 56. Kb3 Kxg3 57. Kxa2 f4 58. Nc2 f3 0-1

[Event "AUT-chT2O 0708"]
[Site "Austria"]
[Date "2008.03.15"]
[Round "10.1"]
[White "Vavrak, Peter"]
[Black "Beim, Valery"]
[Result "1-0"]
[WhiteElo "2454"]
[BlackElo "2523"]
[PlyCount "128"]
[EventDate "2007.10.20"]
[EventType "team"]
[EventRounds "11"]
[EventCountry "AUT"]
[SourceTitle "EXT 2009"]
[Source "ChessBase"]
[SourceDate "2008.11.26"]
[SourceVersion "1"]
[SourceVersionDate "2008.11.26"]
[SourceQuality "1"]
[WhiteTeam "Lackenbach"]
[BlackTeam "Wien Husek"]
[WhiteTeamCountry "AUT"]
[BlackTeamCountry "AUT"]

1. g3 e5 2. Bg2 d5 3. d3 Nf6 4. Nf3 Bd6 5. 0-0 0-0 6. c4 dxc4 7. dxc4 c6 8. Qc2 Na6 9. a3 Qe7 10. Nc3 h6 11. b4 e4 12. Nd2 e3 13. fxe3 Qxe3+ 14. Kh1 Qe7 15. c5 Bc7 16. Nc4 Bg4 17. e4 Qe6 18. e5 Nd7 19. Nd6 Nxe5 20. Nxb7 Nc4 21. Qe4 Be5 22. Qc2 Rab8 23. Nd6 Nxd6 24. cxd6 Qc4 25. Bb2 Bxd6 26. Rac1 Nc7 27. Qd2 Qe6 28. Rce1 Be5 29. Rxe5 Qxe5 30. Nd5 Qe2 31. Qc3 Ne8 32. Ne3 Be6 33. Bf3 Qa6 34. Bxc6 Rc8 35. b5 Qa4 36. Rf4 Qb3 37. Qxb3 Bxb3 38. Nf5 Rd8 39. Bd4 Kh7 40. Bc5 Rg8 41. Ne7 Rh8 42. Bxa7 Nf6 43. Rd4 Be6 44. Kg2 Ng4 45. Be4+ g6 46. Nc6 Rde8 47. b6 Bc8 48. Bf3 Ne3+ 49. Kf2 Nc2 50. Rf4 f5 51. a4 Bb7 52. Rc4 Ne3 53. Rc3 Ng4+ 54. Kg2 Rc8 55. Rd3 Rhg8 56. Rd7+ Rg7 57. Rxg7+ Kxg7 58. Nd4 Ne3+ 59. Kf2 Nd5 60. Ne6+ Kf6 61. Nc7 Nxb6 62. Bxb6 Bxf3 63. Kxf3 Ke5 64. a5 Kd6 1-0

[Event "AUT-chT2O 0708"]
[Site "Austria"]
[Date "2008.02.17"]
[Round "9.3"]
[White "Batyte, Daiva"]
[Black "Beim, Valery"]
[Result "0-1"]
[WhiteElo "2198"]
[BlackElo "2523"]
[PlyCount "82"]
[EventDate "2007.10.20"]
[EventType "team"]
[EventRounds "11"]
[EventCountry "AUT"]
[SourceTitle "EXT 2009"]
[Source "ChessBase"]
[SourceDate "2008.11.26"]
[SourceVersion "1"]
[SourceVersionDate "2008.11.26"]
[SourceQuality "1"]
[WhiteTeam "Stockerau"]
[BlackTeam "Wien Husek"]
[WhiteTeamCountry "AUT"]
[BlackTeamCountry "AUT"]

1. g3 d5 2. Bg2 e5 3. c4 d4 4. d3 Nf6 5. Nf3 Nc6 6. 0-0 a5 7. b3 Be7 8. Nbd2 0-0 9. a3 h6 10. Rb1 Re8 11. b4 axb4 12. axb4 Bxb4 13. Nh4 Bf8 14. Ne4 Be7 15. Nxf6+ Bxf6 16. Nf3 Nb8 17. Nd2 c6 18. Nb3 Nd7 19. Bd2 Bg5 20. Bb4 Qc7 21. Ra1 Rxa1 22. Qxa1 c5 23. Ba3 b6 24. Bb2 Bb7 25. Qa7 Rb8 26. Ra1 Qc8 27. Bxb7 Qxb7 28. Qxb7 Rxb7 29. Ra8+ Kh7 30. Ba3 f5 31. h4 Bf6 32. f3 g5 33. h5 Bg7 34. Kf2 Nf6 35. Nd2 Nxh5 36. g4 fxg4 37. fxg4 Rf7+ 38. Nf3 Nf6 39. Kg3 e4 40. Nd2 exd3 41. exd3 Re7 0-1

[Event "AUT-chT2O 0708"]
[Site "Austria"]
[Date "2007.12.01"]
[Round "4.3"]
[White "Beim, Valery"]
[Black "Steiner, Bruno"]
[Result "1-0"]
[WhiteElo "2523"]
[BlackElo "2247"]
[PlyCount "91"]
[EventDate "2007.10.20"]
[EventType "team"]
[EventRounds "11"]
[EventCountry "AUT"]
[SourceTitle "CBM 121 Extra"]
[Source "ChessBase"]
[SourceDate "2008.01.10"]
[SourceVersion "1"]
[SourceVersionDate "2008.01.10"]
[SourceQuality "1"]
[WhiteTeam "Wien Husek"]
[BlackTeam "Wiener Neustadt"]
[WhiteTeamCountry "AUT"]
[BlackTeamCountry "AUT"]

1. g3 d5 2. Bg2 e6 3. Nf3 Nf6 4. 0-0 Be7 5. d3 0-0 6. c4 b6 7. cxd5 exd5 8. Nc3 Bb7 9. Bf4 Bd6 10. Qd2 a6 11. d4 Re8 12. Rfd1 Bxf4 13. Qxf4 Qd6 14. Rac1 Nbd7 15. e3 Nh5 16. Qxd6 cxd6 17. Nh4 Nhf6 18. Nf5 Re6 19. Ne2 g6 20. Rc7 Rb8 21. Nh6+ Kg7 22. Ng4 Nxg4 23. Rxd7 Nf6 24. Rc7 Ree8 25. Rdc1 Rec8 26. Nf4 Rxc7 27. Rxc7 Kf8 28. h4 h6 29. b4 Ke8 30. Bf3 Kf8 31. a3 g5 32. Bh5 Nxh5 33. Nxh5 Bc8 34. hxg5 hxg5 35. Nf6 Be6 36. Nd7+ Bxd7 37. Rxd7 Rc8 38. Rxd6 Rc3 39. Rxb6 Rxa3 40. Rd6 a5 41. b5 Rb3 42. Rxd5 a4 43. Rd8+ Ke7 44. Ra8 a3 45. b6 Kd7 46. b7 1-0

[Event "EU Maccabi Games 12th"]
[Site "Rome"]
[Date "2007.07.05"]
[Round "1"]
[White "Beim, Valery"]
[Black "Klein, Dominik"]
[Result "1-0"]
[WhiteElo "2516"]
[BlackElo "1935"]
[PlyCount "63"]
[EventDate "2007.07.05"]
[EventType "swiss"]
[EventRounds "7"]
[EventCountry "ITA"]
[SourceTitle "CBM 119 Extra"]
[Source "ChessBase"]
[SourceDate "2007.09.04"]
[SourceVersion "1"]
[SourceVersionDate "2007.09.04"]
[SourceQuality "1"]

1. c4 Nf6 2. Nc3 g6 3. d4 Bg7 4. Bg5 d6 5. e3 Nbd7 6. Be2 c5 7. Nf3 h6 8. Bh4 Qa5 9. Qc2 a6 10. 0-0 g5 11. Bg3 Nh5 12. a3 Nxg3 13. hxg3 cxd4 14. b4 Qc7 15. Nxd4 Nf6 16. Rac1 0-0 17. Rfd1 Bd7 18. Nf5 Bxf5 19. Qxf5 Qc8 20. Qxc8 Raxc8 21. Na4 Ne4 22. Bf3 f5 23. g4 Rc7 24. gxf5 Nf6 25. c5 dxc5 26. Rxc5 Rfc8 27. Bxb7 Rxc5 28. Nxc5 Rc7 29. Bxa6 Ng4 30. Rd8+ Kh7 31. f6 Nxf6 32. Bd3+ 1-0

[Event "AUT-chT2O 0607"]
[Site "Austria"]
[Date "2007.03.11"]
[Round "9.1"]
[White "Beim, Valery"]
[Black "Papp, Gabor"]
[Result "1/2-1/2"]
[WhiteElo "2514"]
[BlackElo "2466"]
[PlyCount "46"]
[EventDate "2006.10.06"]
[EventType "team-tourn"]
[EventRounds "11"]
[EventCountry "AUT"]
[SourceTitle "EXT 2007"]
[Source "ChessBase"]
[SourceDate "2006.11.23"]
[SourceVersion "1"]
[SourceVersionDate "2006.11.23"]
[SourceQuality "1"]
[WhiteTeam "Tschaturanga Neubau"]
[BlackTeam "Mattersburg"]
[WhiteTeamCountry "AUT"]
[BlackTeamCountry "AUT"]

1. d4 Nf6 2. c4 e6 3. Nf3 b6 4. g3 Ba6 5. Qb3 Nc6 6. Nbd2 Na5 7. Qc3 c5 8. dxc5 bxc5 9. e4 d6 10. a3 Bb7 11. b4 Nc6 12. Bg2 Qc7 13. b5 Nd8 14. Qd3 e5 15. 0-0 Ne6 16. a4 a5 17. Ne1 Nd4 18. Nc2 Be7 19. Bb2 Nd7 20. Ne3 0-0 21. Nd5 Bxd5 22. cxd5 Nb6 23. Nc4 Nxc4 1/2-1/2

[Event "Geller Memorial"]
[Site "Odessa"]
[Date "2005.07.02"]
[Round "4"]
[White "Beim, Valery"]
[Black "Legky, Nikolay A"]
[Result "1/2-1/2"]
[WhiteElo "2512"]
[BlackElo "2455"]
[PlyCount "34"]
[EventDate "2005.07.01"]
[EventType "tourn (rapid)"]
[EventRounds "9"]
[EventCountry "UKR"]
[EventCategory "9"]
[SourceTitle "CBM 106 Extra"]
[Source "ChessBase"]
[SourceDate "2005.07.01"]
[SourceVersion "1"]
[SourceVersionDate "2005.07.01"]
[SourceQuality "1"]

1. c4 e6 2. Nc3 d5 3. d4 Nf6 4. cxd5 exd5 5. Bg5 c6 6. e3 Be7 7. Bd3 Nbd7 8. Qc2 Nh5 9. Bxe7 Qxe7 10. Nf3 Nf4 11. Bf1 Ne6 12. 0-0-0 g6 13. Kb1 Ng7 14. Bd3 Nf6 15. Rhe1 0-0 16. h3 Bf5 17. g4 Bxd3 1/2-1/2

[Event "Geller Memorial"]
[Site "Odessa"]
[Date "2005.07.01"]
[Round "3"]
[White "Kortschnoj, Viktor Lvovich"]
[Black "Beim, Valery"]
[Result "1/2-1/2"]
[WhiteElo "2619"]
[BlackElo "2512"]
[PlyCount "102"]
[EventDate "2005.07.01"]
[EventType "tourn (rapid)"]
[EventRounds "9"]
[EventCountry "UKR"]
[EventCategory "9"]
[SourceTitle "CBM 106 Extra"]
[Source "ChessBase"]
[SourceDate "2005.07.01"]
[SourceVersion "1"]
[SourceVersionDate "2005.07.01"]
[SourceQuality "1"]

1. e4 d5 2. exd5 Nf6 3. Bb5+ Bd7 4. Bc4 Bg4 5. f3 Bc8 6. Nc3 Nbd7 7. Qe2 Nb6 8. Qd3 a6 9. Bb3 g6 10. a4 Bg7 11. a5 Bf5 12. Qd4 Nc8 13. Ba4+ Kf8 14. Qc4 Nd6 15. Qe2 Nb5 16. Bxb5 axb5 17. Qxb5 Bxc2 18. Qxb7 Nd7 19. d4 Bxd4 20. Bh6+ Bg7 21. Bxg7+ Kxg7 22. Qb4 Ne5 23. Qd4 f6 24. Nge2 c5 25. dxc6 Nxc6 26. Qc5 Rxa5 27. Rxa5 Nxa5 28. Nd4 Bb3 29. 0-0 Bf7 30. Rd1 Nb7 31. Qb4 Qc7 32. Ndb5 Qc5+ 33. Qxc5 Nxc5 34. b4 Na6 35. Rd7 Nxb4 36. Rxe7 Rd8 37. Ne4 Nd5 38. Rb7 Re8 39. Nbd6 Re7 40. Rb5 Nf4 41. h4 Bd5 42. Nc3 Be6 43. g3 Nd3 44. Nce4 Rc7 45. Rb6 Bf5 46. g4 Bxe4 47. Nxe4 Rf7 48. Kh2 h6 49. Ng3 Rc7 50. h5 Rc2+ 51. Kg1 Rc1+ 1/2-1/2

[Event "AUT-chT 0405"]
[Site "Austria"]
[Date "2005.03.17"]
[Round "8"]
[White "Ribli, Zoltan"]
[Black "Beim, Valery"]
[Result "1-0"]
[WhiteElo "2603"]
[BlackElo "2512"]
[PlyCount "251"]
[EventDate "2004.11.19"]
[EventType "team"]
[EventRounds "11"]
[EventCountry "AUT"]
[SourceTitle "EXT 2006"]
[Source "ChessBase"]
[SourceDate "2005.11.24"]
[SourceVersion "1"]
[SourceVersionDate "2005.11.24"]
[SourceQuality "1"]
[WhiteTeam "Graz Styria"]
[BlackTeam "Tschaturanga"]
[WhiteTeamCountry "AUT"]
[BlackTeamCountry "AUT"]

1. e4 d5 2. exd5 Nf6 3. d4 Nxd5 4. Nf3 Bf5 5. Be2 e6 6. 0-0 Be7 7. a3 0-0 8. c4 Nf6 9. Nc3 Ne4 10. Be3 Nxc3 11. bxc3 Nd7 12. Qb3 b6 13. Rfd1 Be4 14. a4 a5 15. h3 Rb8 16. Qa2 Bf6 17. Nd2 Bb7 18. Bf3 Qc8 19. Rab1 Re8 20. Rb5 Ba6 21. Rb2 Bb7 22. Rdb1 g6 23. Rb5 Ba6 24. R5b3 Bb7 25. Qc2 Bxf3 26. Nxf3 Qa6 27. Nd2 Rbc8 28. Rb5 Be7 29. Re1 Qa8 30. Bh6 c6 31. Rbb1 c5 32. Re2 Bf8 33. Bxf8 Rxf8 34. Ne4 cxd4 35. cxd4 Qc6 36. Rc1 Rfd8 37. Qb3 Kg7 38. Rcc2 Qc7 39. Qb2 Kg8 40. g3 Qc6 41. Qa2 Qc7 42. Qa1 Qc6 43. h4 h6 44. Qa3 Kg7 45. Nd6 Rb8 46. d5 exd5 47. Nxf7 Re8 48. Re7 Rxe7 49. Qxe7 Qf6 50. Qxd7 Qxf7 51. Qd6 Rc8 52. Re2 Re8 53. Rxe8 Qxe8 54. Qxd5 Qxa4 55. Qb7+ Kf6 56. Qxb6+ Kf5 57. Qc5+ Ke6 58. Qd5+ Ke7 59. c5 Qd7 60. Qe4+ Qe6 61. Qb7+ Kf6 62. Qb2+ Kf7 63. Qc3 a4 64. c6 a3 65. c7 a2 66. Qa1 Qc4 67. c8Q Qxc8 68. Qxa2+ Kg7 69. Qa1+ Kf7 70. Qa7+ Kf6 71. Qd4+ Kf7 72. Qd5+ Kf6 73. Qd6+ Kf7 74. Qf4+ Kg7 75. Qe5+ Kf7 76. h5 gxh5 77. Qxh5+ Kg7 78. Qe5+ Kf7 79. Kg2 Qc6+ 80. f3 Qb6 81. Kh3 Kg6 82. Kg4 Qd8 83. Qe4+ Kg7 84. f4 Qd7+ 85. Kh4 Qd2 86. Qe7+ Kg6 87. Qe6+ Kg7 88. Qg4+ Kh7 89. Qf5+ Kg7 90. Qe5+ Kf7 91. Kh3 Qc1 92. Qd5+ Kg7 93. Qd7+ Kg6 94. Qe6+ Kg7 95. Qd5 Qc2 96. Qd7+ Kf6 97. Qd5 Kg7 98. Qe6 Qb1 99. Qe5+ Kg6 100. Qd5 Kg7 101. Kh4 Qc2 102. Qd7+ Kf6 103. Qd8+ Kg7 104. Qe7+ Kg6 105. Qe6+ Kg7 106. Kh3 Qb1 107. Kg2 Qc2+ 108. Kf3 Qd3+ 109. Qe3 Qd5+ 110. Kg4 Qd1+ 111. Kf5 Qd7+ 112. Ke5 Qe7+ 113. Kd4 Qb4+ 114. Kd3 Qb3+ 115. Ke2 Qc2+ 116. Qd2 Qc6 117. Qd4+ Kg6 118. Kf2 Qc2+ 119. Kf3 Qb3+ 120. Kg4 Qe6+ 121. Kh4 Qe7+ 122. Kh3 Qb7 123. Qd6+ Kg7 124. Kg4 Qc8+ 125. f5 Qc4+ 126. Kh5 1-0

[Event "AUT-chT 0405"]
[Site "Austria"]
[Date "2005.01.16"]
[Round "7"]
[White "Beim, Valery"]
[Black "Kindermann, Stefan"]
[Result "1/2-1/2"]
[WhiteElo "2512"]
[BlackElo "2536"]
[PlyCount "49"]
[EventDate "2004.11.19"]
[EventType "team"]
[EventRounds "11"]
[EventCountry "AUT"]
[SourceTitle "EXT 2006"]
[Source "ChessBase"]
[SourceDate "2005.11.24"]
[SourceVersion "1"]
[SourceVersionDate "2005.11.24"]
[SourceQuality "1"]
[WhiteTeam "Tschaturanga"]
[BlackTeam "Holz Dohr"]
[WhiteTeamCountry "AUT"]
[BlackTeamCountry "AUT"]

1. d4 d5 2. c4 c6 3. Nf3 Nf6 4. Nc3 a6 5. e3 b5 6. b3 Bg4 7. Be2 e6 8. 0-0 Nbd7 9. Bb2 Bd6 10. Ne5 Bxe2 11. Nxe2 Qc7 12. cxd5 cxd5 13. Rc1 Qb8 14. f4 0-0 15. Rc6 Rc8 16. Qc2 Qb7 17. Rc1 Nb6 18. Ng3 g6 19. h3 Kg7 20. Kh2 Ng8 21. Qd2 Rxc6 22. Nxc6 Rc8 23. Ne5 Nf6 24. Bc3 Qc7 25. Ra1 1/2-1/2

[Event "AUT-chT 0405"]
[Site "Austria"]
[Date "2005.01.15"]
[Round "6"]
[White "Hertneck, Gerald"]
[Black "Beim, Valery"]
[Result "1-0"]
[WhiteElo "2547"]
[BlackElo "2512"]
[PlyCount "41"]
[EventDate "2004.11.19"]
[EventType "team"]
[EventRounds "11"]
[EventCountry "AUT"]
[SourceTitle "EXT 2006"]
[Source "ChessBase"]
[SourceDate "2005.11.24"]
[SourceVersion "1"]
[SourceVersionDate "2005.11.24"]
[SourceQuality "1"]
[WhiteTeam "Schwarzach"]
[BlackTeam "Tschaturanga"]
[WhiteTeamCountry "AUT"]
[BlackTeamCountry "AUT"]

1. e4 d6 2. d4 Nf6 3. Nc3 g6 4. Bg5 Bg7 5. Qd2 h6 6. Bh4 g5 7. Bg3 Nh5 8. 0-0-0 a6 9. Nge2 Nc6 10. f3 Nxg3 11. hxg3 e6 12. d5 Ne5 13. Nd4 Bd7 14. f4 Ng4 15. dxe6 fxe6 16. Be2 Bxd4 17. Qxd4 e5 18. fxe5 Nxe5 19. Bh5+ Ke7 20. Nd5+ Ke6 21. Rhf1 1-0

[Event "AUT-chT 0304"]
[Site "Austria"]
[Date "2004.03.20"]
[Round "10"]
[White "Varga, Peter"]
[Black "Beim, Valery"]
[Result "1/2-1/2"]
[WhiteElo "2468"]
[BlackElo "2518"]
[PlyCount "25"]
[EventDate "2003.11.28"]
[EventType "team-tourn"]
[EventRounds "11"]
[EventCountry "AUT"]
[SourceTitle "CBM 097 Extra"]
[Source "ChessBase"]
[SourceDate "2004.01.13"]
[SourceVersion "1"]
[SourceVersionDate "2004.01.13"]
[SourceQuality "1"]
[WhiteTeam "Melk-Wachau SK NOE"]
[BlackTeam "Tschaturanga"]
[WhiteTeamCountry "AUT"]
[BlackTeamCountry "AUT"]

1. d4 d6 2. e4 Nf6 3. f3 c5 4. d5 e5 5. Be3 Be7 6. c4 0-0 7. Nc3 Ne8 8. Qd2 g6 9. Bh6 Ng7 10. Bd3 Nd7 11. Nge2 Kh8 12. 0-0 Nf6 13. Be3 1/2-1/2

[Event "AUT-chT 0304"]
[Site "Austria"]
[Date "2004.01.23"]
[Round "5"]
[White "Beim, Valery"]
[Black "Rabiega, Robert"]
[Result "1/2-1/2"]
[WhiteElo "2518"]
[BlackElo "2527"]
[PlyCount "26"]
[EventDate "2003.11.28"]
[EventType "team-tourn"]
[EventRounds "11"]
[EventCountry "AUT"]
[SourceTitle "CBM 097 Extra"]
[Source "ChessBase"]
[SourceDate "2004.01.13"]
[SourceVersion "1"]
[SourceVersionDate "2004.01.13"]
[SourceQuality "1"]
[WhiteTeam "Tschaturanga"]
[BlackTeam "Graz Austria"]
[WhiteTeamCountry "AUT"]
[BlackTeamCountry "AUT"]

1. c4 e6 2. Nc3 d5 3. d4 Be7 4. Nf3 Nf6 5. cxd5 exd5 6. Bg5 c6 7. Qc2 g6 8. e4 dxe4 9. Bxf6 Bxf6 10. Qxe4+ Kf8 11. Bc4 Kg7 12. 0-0 Re8 13. Qf4 Be6 1/2-1/2

[Event "AUT-chT 0304"]
[Site "Austria"]
[Date "2004.01.22"]
[Round "4"]
[White "Polzin, Rainer"]
[Black "Beim, Valery"]
[Result "1-0"]
[WhiteElo "2497"]
[BlackElo "2518"]
[PlyCount "71"]
[EventDate "2003.11.28"]
[EventType "team-tourn"]
[EventRounds "11"]
[EventCountry "AUT"]
[SourceTitle "CBM 097 Extra"]
[Source "ChessBase"]
[SourceDate "2004.01.13"]
[SourceVersion "1"]
[SourceVersionDate "2004.01.13"]
[SourceQuality "1"]
[WhiteTeam "Gleisdorf"]
[BlackTeam "Tschaturanga"]
[WhiteTeamCountry "AUT"]
[BlackTeamCountry "AUT"]

1. e4 d6 2. d4 g6 3. Nc3 Bg7 4. Be3 a6 5. Qd2 b5 6. h4 h5 7. a4 b4 8. Nce2 Nf6 9. f3 a5 10. Nh3 Ba6 11. Ng5 c6 12. 0-0-0 Nbd7 13. e5 Nb6 14. exf6 exf6 15. Nh3 Nc4 16. Qe1 Nxe3 17. Nef4 Qe7 18. Bxa6 Rxa6 19. Qe2 Nxd1 20. Qxa6 Qe3+ 21. Kb1 Qxd4 22. Qc8+ Ke7 23. Re1+ Ne3 24. Qc7+ Ke8 25. Qc8+ Ke7 26. Qc7+ Ke8 27. Qxc6+ Kd8 28. Rxe3 Qxe3 29. Qa8+ Kd7 30. Qb7+ Kd8 31. Qb8+ Kd7 32. Qb7+ Kd8 33. Qxf7 Qe1+ 34. Ka2 Qe7 35. Qxe7+ Kxe7 36. Nxg6+ 1-0

[Event "Bundesliga 0304"]
[Site "Germany"]
[Date "2003.12.14"]
[Round "6.6"]
[White "Gurevich, Mikhail"]
[Black "Beim, Valery"]
[Result "1-0"]
[WhiteElo "2656"]
[BlackElo "2518"]
[PlyCount "91"]
[EventDate "2003.11.01"]
[EventType "team-tourn"]
[EventRounds "15"]
[EventCountry "GER"]
[SourceTitle "CBM 099"]
[Source "ChessBase"]
[SourceDate "2004.03.30"]
[SourceVersion "1"]
[SourceVersionDate "2004.03.30"]
[SourceQuality "1"]
[WhiteTeam "Koeln Porz"]
[BlackTeam "Tegernsee"]
[WhiteTeamCountry "GER"]
[BlackTeamCountry "GER"]

1. d4 d5 2. c4 c6 3. Nf3 Nf6 4. e3 a6 5. Bd3 b5 6. b3 Bg4 7. Nbd2 e6 8. Qc2 Nbd7 9. Bb2 Bh5 10. 0-0 Be7 11. Rac1 Bg6 12. e4 bxc4 13. bxc4 dxe4 14. Nxe4 Nxe4 15. Bxe4 0-0 16. Bxg6 hxg6 17. Rfd1 Qc7 18. Bc3 Rab8 19. Qd2 Rb7 20. d5 Ba3 21. Rc2 cxd5 22. cxd5 Qd6 23. dxe6 Qxe6 24. Bxg7 Kxg7 25. Qc3+ Nf6 26. Qxa3 Rfb8 27. h3 Rb1 28. Rxb1 Rxb1+ 29. Kh2 Ne4 30. Qe3 Qd6+ 31. g3 Qd1 32. Qd4+ Qxd4 33. Nxd4 Rd1 34. Nb3 Rd3 35. Kg2 Rd6 36. h4 f5 37. Kf3 g5 38. Ke3 gxh4 39. gxh4 Kg6 40. f3 Nf6 41. Kf4 Rd8 42. Rc6 a5 43. Ra6 a4 44. Nc5 Rd4+ 45. Ke3 Rd5 46. Nd3 1-0

[Event "Bundesliga 0304"]
[Site "Germany"]
[Date "2003.12.13"]
[Round "5.6"]
[White "Beim, Valery"]
[Black "Senff, Martin"]
[Result "1/2-1/2"]
[WhiteElo "2518"]
[BlackElo "2446"]
[PlyCount "98"]
[EventDate "2003.11.01"]
[EventType "team-tourn"]
[EventRounds "15"]
[EventCountry "GER"]
[SourceTitle "CBM 099"]
[Source "ChessBase"]
[SourceDate "2004.03.30"]
[SourceVersion "1"]
[SourceVersionDate "2004.03.30"]
[SourceQuality "1"]
[WhiteTeam "Tegernsee"]
[BlackTeam "Katernberg"]
[WhiteTeamCountry "GER"]
[BlackTeamCountry "GER"]

1. c4 e6 2. Nf3 d5 3. d4 Nf6 4. e3 Nbd7 5. Nbd2 Be7 6. Bd3 0-0 7. 0-0 b6 8. b3 Bb7 9. Bb2 c5 10. Qe2 Rc8 11. Rac1 Rc7 12. Rfd1 Qa8 13. dxc5 Nxc5 14. Bb1 Rcc8 15. Ng5 Nce4 16. Ndxe4 dxe4 17. Qc2 Rfd8 18. Bxf6 gxf6 19. Nxe4 f5 20. Ng3 Bxg2 21. e4 Bxe4 22. Nxe4 Qxe4 23. Qxe4 fxe4 24. Bxe4 f5 25. Bb7 Rb8 26. Bc6 Kf7 27. Kf1 Kf6 28. Ke2 Bc5 29. Rb1 a5 30. Rbc1 Ke5 31. Rxd8 Rxd8 32. Rc3 Bb4 33. Re3+ Kf6 34. Rd3 Rxd3 35. Kxd3 e5 36. f3 Kg5 37. Bd7 h5 38. h3 h4 39. Bc8 Kf4 40. a4 Bc5 41. Bd7 e4+ 42. fxe4 fxe4+ 43. Ke2 Ke5 44. Bc6 Kd4 45. Bb7 e3 46. Bc6 Kc3 47. Bb5 Kc2 48. Be8 Kxb3 49. Bb5 Kc3 1/2-1/2